000 00893nam a22002417a 4500
003 UA-OsUOA
001 21732
007 ta
008 20031213b un ||||| |||| 00| 0 ukr d
090 _a008+39
_bН34
942 _cBK
040 _aUA-OsUOA
_bukr
_cUA-OsUOA
_dUA-OsUOA
245 _aНаукові записки
_bКультура
_cРед. В.С.Брюховецький, докт. філ. наук Л.І.Кострова, канд. хім. наук В.С.Горський, докт. філос. наук В.П.Замостян, докт. мед. наукРец. В.С.Горський, докт. філос. наук О.П.Моця, докт. іст. наук
300 _a162 с.
_bІлюстрації
955 _a0
041 _aukr
080 _a008+39
260 _aКиїв
_bСтилос
_c1997
246 3 1 _aТ.2
_n
044 _aUA
650 7 _2UDC
999 _c307939
_d307939